000
00285nam a2200121Ia 4500
008
190216s9999||||xx |||||||||||||| ||und||
100
_a
Sreedhara Menon.A
245
0
_a
Survey Of Kerala History
260
_b
Prakasan Kendra
_c
1967
300
_a
463p
650
_a
History
942
_c
BK
999
_c
18903
_d
18903